| 000 | 00380nam a2200145Ia 4500 | ||
|---|---|---|---|
| 008 | 240729s9999 xx 000 0 und d | ||
| 022 | _a2560-9823 | ||
| 245 | 4 | _aThe Young Researcher | |
| 260 | _aCanada | ||
| 260 | _bRoyal St. George's College | ||
| 650 | _aGeneral Works | ||
| 856 | _uhttps://doaj.org/toc/ecdb8979629c4761bbe487d41b3f7e63 | ||
| 942 | _2ddc | ||
| 942 | _cDOAJEJ | ||
| 999 |
_c66279 _d66279 |
||
| 945 |
_a1 _bMadushi Gamage _c1 _dMadushi Gamage |
||